000 01016cam a2200289 a 4500
001 13569313
003 OSt
005 20230620141442.0
008 040112s2003 ke a b 100 0 eng
010 _a 2003406635
020 _a9966958258
035 _a(DLC) 2003406635
040 _aDLC
_cDLC
042 _alcode
043 _af-ke---
082 _a323.4
_bICJ
245 0 0 _aEnhancing women's rights in Kenya :
_b7th annual conference, Whitesands Hotel, Mombasa, August 19-23, 2003 : conference report.
260 _aNairobi :
_bKenya Section of the International Commission of Jurists,
_cc2003.
300 _avii, 154 p. :
_bill. ;
_c26 cm.
504 _aIncludes bibliographical references.
650 0 _aWomen's rights
_zKenya
_vCongresses.
650 0 _aWomen
_zKenya
_xSocial conditions
_vCongresses.
710 2 _aInternational Commission of Jurists (1952- ).
_bKenya Section.
906 _a7
_bcbc
_corigode
_d3
_encip
_f20
_gy-gencatlg
942 _2ddc
_cBK
999 _c1768
_d1768